Tunnel engineering handbook /

Bibliographic Details
Other Authors: Bickel, John O., Kuesel, T. R.
Format: Book
Language:English
Published: New York : Van Nostrand Reinhold Co., [1982]
Subjects:

MARC

Tag First Indicator Second Indicator Subfields
LEADER 00000pam a2200000 a 4500
001 in00000085454
005 20151008061505.0
008 800923s1982 nyua b 00100 engm
010 |a  80024536  
020 |a 0442281277 
035 |a (OCoLC)06862038 
035 |9 AAJ8175AM 
040 |a DLC  |c DLC  |d m.c.  |d TXA  |d UtOrBLW 
049 |a TXAM  |c [1196839] 
050 0 0 |a TA805  |b .T82 1982 
082 0 |a 624.1/93  |2 19 
245 0 0 |a Tunnel engineering handbook /  |c edited by John O. Bickel, T.R. Kuesel. 
264 1 |a New York :  |b Van Nostrand Reinhold Co.,  |c [1982] 
264 4 |c ©1982 
300 |a vii, 670 pages :  |b illustrations ;  |c 26 cm. 
336 |a text  |b txt  |2 rdacontent 
337 |a unmediated  |b n  |2 rdamedia 
338 |a volume  |b nc  |2 rdacarrier 
504 |a Includes bibliographical references and index. 
650 0 |a Tunneling. 
700 1 |a Bickel, John O. 
700 1 |a Kuesel, T. R. 
999 |a MARS 
999 f f |s 8a7f477e-ba1c-349f-9f18-2be8da567b68  |i bc2a7be1-ceea-33fb-bb8d-7da168d5bfc2  |t 0 
952 f f |p normal  |a Texas A&M University  |b College Station  |c Sterling C. Evans Library  |d Evans: Library Stacks  |t 0  |e TA805 .T82 1982  |h Library of Congress classification  |i unmediated -- volume  |m A14806244007 
998 f f |a TA805 .T82 1982  |t 0  |l Evans: Library Stacks